000 00670nam a2200253Ia 4500
001 30255
005 20240114001439.0
007 ta
008 060715s 196 g b000 u 465 u
040 _aCotton College,Assam
041 _a465
082 _a294.12
_bD 961 Se
100 _aDwivedi, R.C. .
245 0 _aSelections From Brahmanas and Upanisads /
_cR.C.Dwivedi.
_hTextual Documents
250 _a1st ed. /
260 _aDelhi :
_bMotilal Banarsidass Publishers ,
_c© 1965.
300 _a152p. ;
_c22cm.
653 _aBrahmanas
653 _aUpanisads
653 _aG-Religion
942 _2ddc
_cBK
999 _c30237
_d30237